All Four Tops Songs - Statistics

General Stats
  • This quiz has been taken 10 times
  • The average score is 79 of 283
Answer Stats
Album Song % Correct
Reach Out Bernadette
89%
Reach Out Reach Out I'll Be There
89%
Reach Out Walk Away Renée
78%
Keeper of the Castle Ain't No Woman (Like the One I've Got)
67%
The Magnificent 7 Baby (You've Got What It Takes)
67%
Four Tops Second Album I Can't Help Myself (Sugar Pie Honey Bunch)
67%
Four Tops Second Album It's the Same Old Song
67%
Keeper of the Castle Keeper of the Castle
67%
Keeper of the Castle Keeper of the Castle (Reprise)
67%
Four Tops Ask the Lonely
56%
Four Tops Baby I Need Your Loving
56%
Indestructible Indestructible
56%
On Top Shake Me, Wake Me (When It's Over)
56%
Reach Out Standing in the Shadows of Love
56%
Still Waters Run Deep Still Water (Love)
56%
Reach Out 7-Rooms of Gloom
44%
Main Street People Are You Man Enough
44%
Back Where I Belong Back Where I Belong
44%
Catfish Catfish
44%
Dynamite If
44%
Reach Out If I Were a Carpenter
44%
Nature Planned It (It's the Way) Nature Planned It
44%
On Top Michelle
44%
The Show Must Go On The Show Must Go On
44%
Main Street People Am I My Brother's Keeper
33%
On Top Bluesette
33%
On Top Brenda
33%
Soul Spin California Dreamin'
33%
Four Tops Call on Me
33%
Reach Out Cherish
33%
Christmas Here With You Christmas Here With You
33%
On Broadway Climb Ev'ry Mountain
33%
Four Tops Second Album Darling, I Hum Our Song
33%
Four Tops Now! Don't Bring Back Memories
33%
Four Tops Now! Don't Let Him Take Your Love From Me
33%
Four Tops | Magic Don't Turn Away
33%
Tonight! Don't Walk Away
33%
Four Tops Now! Do What You Gotta Do
33%
Four Tops Now! Eleanor Rigby
33%
Soul Spin Got to Get You Into My Life
33%
Back Where I Belong Hang
33%
At the Top H.E.L.P.
33%
Four Tops Second Album Helpless
33%
Soul Spin Honey
33%
One More Mountain I Believe in You and Me
33%
On Top I Got a Feeling
33%
Main Street People I Just Can't Get You Out of My Mind
33%
Four Tops Second Album I Like Everything About You
33%
Reach Out I'll Turn to Stone
33%
Reach Out I'm a Believer
33%
Four Tops Second Album I'm Grateful
33%
On Top In the Still of the Night
33%
Four Tops Second Album Is There Anything That I Can Do
33%
Still Waters Run Deep It's All in the Game
33%
Four Tops Second Album Just as Long as You Need Me
33%
Still Waters Run Deep L.A. (My Town)
33%
Four Tops Left With a Broken Heart
33%
Soul Spin Light My Fire
33%
Four Tops Now! Little Green Apples
33%
Soul Spin Look Out Your Window
33%
Four Tops Second Album Love Feels Like Fire
33%
Four Tops Love Has Gone
33%
On Top Loving You Is Sweeter Than Ever
33%
Four Tops Now! Mac Arthur Park
33%
Main Street People Main Street People
33%
Main Street People Main Street People (Intro)
33%
On Top Matchmaker, Matchmaker
33%
Four Tops Now! My Past Just Crossed My Future
33%
Soul Spin Nothing
33%
Four Tops Now! Opportunity Knock (For Me)
33%
The Magnificent 7 River Deep - Mountain High
33%
Four Tops Sad Souvenirs
33%
Night Lights Harmony Seven Lonely Nights
33%
Christmas Here With You Silent Night
33%
Four Tops Second Album Since You've Been Gone
33%
Four Tops Second Album Something About You
33%
Four Tops Second Album Stay in My Lonely Arms
33%
Soul Spin Stop the World
33%
Main Street People Sweet Understanding Love
33%
Four Tops Tea House in China Town
33%
Christmas Here With You The Christmas Song
33%
Four Tops Now! The Fool on the Hill
33%
Four Tops Now! The Key
33%
Soul Spin The Look of Love
33%
On Top Then
33%
On Top There's No Love Left
33%
On Top Until You Love Someone
33%
Reach Out What Else Is There to Do (But Think About You)
33%
Four Tops Now! What Is a Man
33%
Tonight! When She Was My Girl
33%
Four Tops Where Did You Go?
33%
Christmas Here With You White Christmas
33%
Four Tops Now! Wish I Didn't Love You So
33%
Four Tops Without the One You Love (Life's Not Worth While)
33%
Reach Out Wonderful Baby
33%
Four Tops Your Love Is Amazing
33%
Magic Again
22%
The Magnificent 7 Ain't Nothing Like the Real Thing
22%
Tonight! All I Do
22%
Meeting of the Minds All My Love
22%
Yesterday's Dreams A Place in the Sun
22%
Indestructible Are You With Me
22%
Christmas Here With You Away in a Manger
22%
Soul Spin Barbara's Boy
22%
At the Top Bits and Pieces
22%
Back Where I Belong Body & Soul
22%
Still Waters Run Deep Bring Me Together
22%
Yesterday's Dreams By the Time I Get to Phoenix
22%
The Return of the Magnificent Seven Call Me
22%
The Show Must Go On Candy
22%
Yesterday's Dreams Can't Seem to Get You out of My Mind
22%
Indestructible Change of Heart
22%
Christmas Here With You Christmas Delight
22%
Yesterday's Dreams Daydream Believer
22%
Catfish Disco Daddy
22%
Dynamite Don't Let Me Lose This Dream
22%
Magic Don't Tell Me That It's Over
22%
Dynamite Do You Love Me Just a Little, Honey
22%
One More Mountain Dream On
22%
Magic Easier Said Than Done
22%
Still Waters Run Deep Elusive Butterfly
22%
Still Waters Run Deep Everybody's Talkin'
22%
The Magnificent 7 Everyday People
22%
Catfish Feel Free
22%
On Broadway For Once in My Life
22%
The Magnificent 7 For Your Love
22%
Tonight! From a Distance
22%
One More Mountain Givin' It Up
22%
Dynamite Good Lovin' Ain't Easy to Come By
22%
Nature Planned It Happy (Is a Bumpy Road)
22%
Christmas Here With You Have Yourself a Merry Little Christmas
22%
On Broadway Hello Broadway
22%
Dynamite Hello Stranger
22%
Hot Nights Hot Nights
22%
Nature Planned It How Will I Forget You
22%
Changing Times I Almost Had Her (But She Got Away)
22%
Nature Planned It I Am Your Man
22%
Magic I Can Feel the Magic
22%
The Return of the Magnificent Seven I Can't Believe You Love Me
22%
Night Lights Harmony I Can't Hold Out Much Longer
22%
The Show Must Go On I Can't Live Without You
22%
Nature Planned It I Can't Quit Your Love
22%
Indestructible If Ever a Love There Was
22%
Dynamite If I Could Build My Whole World Around You
22%
Meeting of the Minds I Found the Spirit
22%
The Return of the Magnificent Seven If You Could See Me Now
22%
Nature Planned It If You Let Me
22%
Back Where I Belong I Just Can't Walk Away
22%
Catfish I Know You Like It
22%
Nature Planned It I'll Never Change
22%
Tonight! I'll Never Ever Leave Again
22%
The Return of the Magnificent Seven I'll Try Not to Cry
22%
The Return of the Magnificent Seven I'm Glad About It
22%
Night Lights Harmony I'm Glad You Walked into My Life
22%
Yesterday's Dreams I'm in a Different World
22%
Indestructible I'm Only Wounded
22%
Magic I'm Ready for Love
22%
One More Mountain I'm the One
22%
At the Top Inside a Brokenhearted Man
22%
Changing Times In These Changing Times
22%
Night Lights Harmony Is This the Price?
22%
Keeper of the Castle (I Think I Must Be) Dreaming
22%
The Magnificent 7 It's Got to Be a Miracle (This Thing Called Love)
22%
Dynamite It's Impossible
22%
Main Street People It Won't Be the First Time
22%
Night Lights Harmony (It Would Almost) Drive Me Out of My Mind
22%
Night Lights Harmony I've Got What You Need
22%
On Broadway I Want to Be with You
22%
Still Waters Run Deep I Wish I Were Your Mirror
22%
The Return of the Magnificent Seven I Wonder Where We're Going
22%
Keeper of the Castle Jubilee With Soul
22%
At the Top Just in Time
22%
Changing Times Just Seven Numbers (Can Straighten Out My Life)
22%
One More Mountain Keep On Lightin' My Fire
22%
The Magnificent 7 Knock on My Door
22%
Reach Out Last Train to Clarksville
22%
Night Lights Harmony Let Me Know the Truth
22%
Tonight! Let Me Set You Free
22%
Indestructible Let's Jam
22%
The Return of the Magnificent Seven Let's Make Love Now
22%
Christmas Here With You Little Drummer Boy
22%
Indestructible Loco in Acapulco
22%
Soul Spin Lost in a Pool of Red
22%
Meeting of the Minds Love Ain't Easy to Come By
22%
Catfish Love Don't Come Easy
22%
The Show Must Go On Love Is a Joy
22%
Still Waters Run Deep Love is the Answer
22%
Keeper of the Castle Love Makes You Human
22%
Keeper of the Castle Love Music
22%
Dynamite Love the One You're With
22%
On Broadway Make Someone Happy
22%
Back Where I Belong Make Yourself Right at Home
22%
Night Lights Harmony Mama You're All Right with Me
22%
On Broadway Mame
22%
On Broadway Maria
22%
Magic Maybe Tomorrow
22%
Nature Planned It Medley: Hey Man / We Got to Get You a Woman
22%
Meeting of the Minds Meeting of the Minds
22%
Dynamite Melodie
22%
Christmas Here With You Merry Christmas Baby
22%
Christmas Here With You Merry Christmas to You
22%
Meeting of the Minds Midnight Flower
22%
On Broadway My Way
22%
Yesterday's Dreams Never My Love
22%
Indestructible Next Time
22%
On Broadway Nice N' Easy
22%
One More Mountain Nobody's Gonna Love You Like I Do
22%
Meeting of the Minds No Sad Songs
22%
Yesterday's Dreams Once upon a Time
22%
Meeting of the Minds One Chain Don't Make No Prison
22%
The Return of the Magnificent Seven One More Bridge to Cross
22%
One More Mountain One More Mountain to Climb
22%
Main Street People One Woman Man
22%
On Broadway On the Street Where You Live
22%
Main Street People Peace of Mind
22%
Keeper of the Castle Put a Little Love Away
22%
At the Top Put It On the News
22%
On Top Quiet Nights of Quiet Stars
22%
Changing Times Raindrops Keep Fallin' On My Head
22%
The Magnificent 7 Reach Out and Touch (Somebody's Hand)
22%
Still Waters Run Deep Reflections
22%
Magic Remember Me
22%
Keeper of the Castle Remember What I Told You to Forget
22%
Yesterday's Dreams Remember When
22%
Changing Times Right Before My Eyes
22%
Meeting of the Minds Right On Brother
22%
The Show Must Go On Runnin' from Your Love
22%
One More Mountain Sad Hearts
22%
Back Where I Belong Sail On
22%
The Show Must Go On Save It for a Rainy Day
22%
At the Top Seclusion
22%
The Show Must Go On See the Real Me
22%
Magic Sexy Ways
22%
Nature Planned It She's an Understanding Woman
22%
Changing Times Sing a Song of Yesterday
22%
Changing Times Something's Tearing at the Edges of Time
22%
Tonight! Something to Remember
22%
Still Waters Run Deep Still Water (Peace)
22%
The Magnificent 7 Stoned Soul Picnic
22%
Catfish Strung Out for Your Love
22%
Yesterday's Dreams Sunny
22%
The Magnificent 7 Taste of Honey
22%
Meeting of the Minds Tell Me You Love Me (Love Sounds)
22%
Dynamite The Bigger You Love (The Harder You Fall)
22%
Keeper of the Castle The Good Lord Knows
22%
Changing Times The Long and Winding Road / In These Changing Times
22%
Back Where I Belong The Masquerade Is Over
22%
On Broadway The Sound of Music
22%
Indestructible The Sun Ain't Gonna Shine
22%
Yesterday's Dreams The Sweetheart Tree
22%
Meeting of the Minds The Well Is Dry
22%
Christmas Here With You This Christmas
22%
Soul Spin This Guy's in Love With You
22%
At the Top This House
22%
The Magnificent 7 Together We Can Make Such Sweet Music
22%
Tonight! Tonight I'm Gonna Love You All Over
22%
Main Street People Too Little, Too Late
22%
Changing Times Try to Remember
22%
Keeper of the Castle Turn On the Light of Your Love
22%
Christmas Here With You 'Twas the Night Before Christmas
22%
Nature Planned It Walk With Me, Talk With Me Darling
22%
Night Lights Harmony We All Gotta Stick Together
22%
Yesterday's Dreams We've Got a Strong Love (On Our Side)
22%
On Broadway What Did I Have That I Don't Have
22%
The Return of the Magnificent Seven What Do You Have to Do (To Stay on the Right Side of Love)
22%
One More Mountain Whatever It Is
22%
Back Where I Belong What Have We Got to Lose
22%
Main Street People Whenever There's Blue
22%
Keeper of the Castle When Tonight Meets Tomorrow
22%
Indestructible When You Dance
22%
At the Top When Your Dreams Take Wings and Fly
22%
The Return of the Magnificent Seven Where Would I Be Without You Baby
22%
Tonight! Who's Right, Who's Wrong
22%
Yesterday's Dreams Yesterday's Dreams
22%
Catfish You Can't Hold Back on Love
22%
Nature Planned It You Gotta Forget Him, Darling
22%
The Return of the Magnificent Seven You Gotta Have Love in Your Heart
22%
Greatest Hits Volume 2 You Keep Running Away
22%
The Show Must Go On You'll Never Find a Better Man
22%
Single A Simple Game
11%
Grease 2: Original Soundtrack Recording Back to School Again
11%
Catfish Look at My Baby
11%
No matching quizzes found
Score Distribution
Percent of People with Each Score
Percentile by Number Answered
Your Score History
You have not taken this quiz